| 000 | 00763nam0a22002531 4500 | ||
|---|---|---|---|
| 001 | v19\rc\2013105 | ||
| 005 | 20250620002432.0 | ||
| 035 | _a(NLR Aleph) 005094593 | ||
| 090 |
_a7332278 _c7332278 |
||
| 100 | _a20080925d1902 |||y0rusy50 ca | ||
| 101 | 0 | _arus | |
| 102 | _aRU | ||
| 105 | _ay z ||||| | ||
| 200 | 1 |
_aК проекту Общества вояжеров _f[С. Иванов] |
|
| 210 |
_aМосква _cт-во тип. А.И. Мамонтова _dценз. 1902 |
||
| 215 | _a4 с. | ||
| 300 | _aАвт. указан в конце текста | ||
| 309 | _aБез тит. л. и обл. | ||
| 700 | 1 |
_aИванов _bС. |
|
| 801 | 0 |
_aRU _bNLR _gpsbo |
|
| 801 | 1 |
_aRU _bProSoft-M _2rusmarc |
|
| 852 |
_aNLR _j18.332.2.243 |
||
| 942 | _cBOOK | ||
| 980 | _aNB | ||